| 000 | 00509nam a22001697a 4500 | ||
|---|---|---|---|
| 005 | 20251108165916.0 | ||
| 008 | 250721s1980 xx 000 0 ara d | ||
| 082 | 1 | 4 | _aط/599/ذئب |
| 100 | 1 |
_aنابلسي، هالة _eحقق |
|
| 245 | 1 | 0 | _aالذئب / |
| 264 | 1 |
_aبيروت : _bدار المسيرة للطباعة و النشر، _c1980. |
|
| 300 | _a24ص : مص | ||
| 490 | 0 | _aالمستكشف الصغير: عالم البراري | |
| 650 | 1 | 7 | _aالذئاب |
| 942 |
_2ddc _cBK |
||
| 999 |
_c34531 _d34531 |
||